<?xml version="1.0" encoding="UTF-8"?><?xml-stylesheet type="text/xsl" href="static/style.xsl"?><OAI-PMH xmlns="http://www.openarchives.org/OAI/2.0/" xmlns:xsi="http://www.w3.org/2001/XMLSchema-instance" xsi:schemaLocation="http://www.openarchives.org/OAI/2.0/ http://www.openarchives.org/OAI/2.0/OAI-PMH.xsd"><responseDate>2026-04-14T04:15:49Z</responseDate><request verb="GetRecord" identifier="oai:www.recercat.cat:20.500.12327/1883" metadataPrefix="marc">https://recercat.cat/oai/request</request><GetRecord><record><header><identifier>oai:recercat.cat:20.500.12327/1883</identifier><datestamp>2025-10-22T11:09:13Z</datestamp><setSpec>com_2072_4428</setSpec><setSpec>com_2072_4427</setSpec><setSpec>col_2072_487898</setSpec></header><metadata><record xmlns="http://www.loc.gov/MARC21/slim" xmlns:dcterms="http://purl.org/dc/terms/" xmlns:xsi="http://www.w3.org/2001/XMLSchema-instance" xmlns:doc="http://www.lyncode.com/xoai" xsi:schemaLocation="http://www.loc.gov/MARC21/slim http://www.loc.gov/standards/marcxml/schema/MARC21slim.xsd">
   <leader>00925njm 22002777a 4500</leader>
   <datafield ind2=" " ind1=" " tag="042">
      <subfield code="a">dc</subfield>
   </datafield>
   <datafield ind2=" " ind1=" " tag="720">
      <subfield code="a">Sixto, Hortensia</subfield>
      <subfield code="e">author</subfield>
   </datafield>
   <datafield ind2=" " ind1=" " tag="720">
      <subfield code="a">Gil, Paula M.</subfield>
      <subfield code="e">author</subfield>
   </datafield>
   <datafield ind2=" " ind1=" " tag="720">
      <subfield code="a">Ciria, Pilar</subfield>
      <subfield code="e">author</subfield>
   </datafield>
   <datafield ind2=" " ind1=" " tag="720">
      <subfield code="a">Camps, Francesc</subfield>
      <subfield code="e">author</subfield>
   </datafield>
   <datafield ind2=" " ind1=" " tag="720">
      <subfield code="a">Cañellas, Isabel</subfield>
      <subfield code="e">author</subfield>
   </datafield>
   <datafield ind2=" " ind1=" " tag="720">
      <subfield code="a">Voltas, Jordi</subfield>
      <subfield code="e">author</subfield>
   </datafield>
   <datafield ind2=" " ind1=" " tag="260">
      <subfield code="c">2015-10-20</subfield>
   </datafield>
   <datafield ind2=" " ind1=" " tag="520">
      <subfield code="a">Understanding genotype 9 environment interaction (GEI) is crucial to optimize the deployment of clonal&#xd;
material to field conditions in short-rotation coppice poplar plantations. Hybrid poplars are grown for biomass production under a wide range of climatic and edaphic conditions, but their adaptive performance in Mediterranean areas remains poorly characterized. In this work, site regression (SREG) and factorial regression mixed models are combined to gain insight into the nature and causes underlying GEI for biomass production of hybrid poplar clones. SREG addresses the issue of clonal  ecommendation in multi-environment trials through a biplot representation that visually identifies superior genotypes. Factorial regression, alternatively, involves a description of clonal reaction to the environment in terms of physical variables that directly affect productivity. Initially, SREG aided in identifying cross-over interactions that often involved hybrids of different taxonomic background. Factorial regression then selected latitude, mean temperature of the vegetative period (MTVP) and soil sand content as main site factors responsible for differential clonal adaptation. Genotypic responses depended strongly on taxonomic background: P. deltoides Bartr. ex Marsh. 9 P. nigra L. clones showed an overall positive sensitivity to increased MTVP and negative sensitivity to increased sand content, whereas the opposite occurred for P. trichocarpa Torr. &amp; Gray 9 P. deltoides clones; the three-cross hybrid [(P. deltoides 9 P. trichocarpa) 9 P. nigra] often displayed an intermediate performance. This information can contribute toward the identification and biological understanding of adaptive characteristics relevant for poplar breeding in Mediterranean conditions and facilitate clonal recommendation at eco-regional level.</subfield>
   </datafield>
   <datafield ind1="8" ind2=" " tag="024">
      <subfield code="a">Sixto, Hortensia, Paula M. Gil, Pilar Ciria, Francesc Camps, Isabel Cañellas and Jordi Voltas. 2015. “Interpreting genotype-by-environment interaction for biomass production in hybrid poplars under short-rotation coppice in Mediterranean environments”. GCB Bioenergy 8, 1124–1135. doi: 10.1111/gcbb.12313.</subfield>
   </datafield>
   <datafield ind1="8" ind2=" " tag="024">
      <subfield code="a">1757-1693</subfield>
   </datafield>
   <datafield ind1="8" ind2=" " tag="024">
      <subfield code="a">http://hdl.handle.net/20.500.12327/1883</subfield>
   </datafield>
   <datafield ind1="8" ind2=" " tag="024">
      <subfield code="a">https://doi.org/10.1111/gcbb.12313</subfield>
   </datafield>
   <datafield ind2="0" ind1="0" tag="245">
      <subfield code="a">Interpreting genotype-by-environment interaction for biomass production in hybrid poplars under short-rotation coppice in Mediterranean environments</subfield>
   </datafield>
</record></metadata></record></GetRecord></OAI-PMH>